000 00564nam a2200241 a 4500
001 nice12345678
003 IN_TiNIC
005 20260116011643.0
008 050524s1967 akoa grp 000 0 eng
020 _a
_c100
082 0 0 _a242
_bTOZ
100 _aTozer, A W
245 _aPursuit of God
260 _aAkola
_bAlliance Publications
_c1967
300 _a118p
500 _aincludes index and biblioraphy
505 2 _aIndex of Author
650 _aDevotions-Christian
700 1 _aTozer, A W
902 _bSRS
942 _cBK
999 _c3166
_d3166